| 000 | 01044cam a2200337 a 4500 | ||
|---|---|---|---|
| 001 | 6649 | ||
| 003 | FISKH | ||
| 005 | 20250519094444.0 | ||
| 008 | 930127s1994 nyua j 000 1 eng | ||
| 010 | _a 93020136 | ||
| 020 | _a0590469681 | ||
| 020 | _a9780590470568 | ||
| 040 |
_aDLC _cDLC _dDLC _beng |
||
| 050 | _aPZ8.M4194 T | ||
| 082 | _a513 | ||
| 100 | 1 | _aMarzollo, Jean. | |
| 245 | 1 | 0 |
_aTen cats have hats : _ba counting book / _cby Jean Marzollo ; illustrated by David McPhail. |
| 260 |
_aNew York : _bScholastic, _c1994. |
||
| 300 |
_a22 pages : _bcolor illustrations ; _c18 x 21 cm. |
||
| 505 | _aC | ||
| 520 | _aPictures and rhyming text present animals from one bear to ten cats with their assorted possesions. | ||
| 521 | 8 |
_a120
_bLexile AD |
|
| 521 | 8 |
_aC
_bRaz-Plus |
|
| 650 | 1 | _aCounting. | |
| 650 | 1 |
_aAnimals _vFiction. |
|
| 650 | 1 | _aStories in rhyme. | |
| 700 | 1 |
_aMcPhail, David, _d1940- _eillustrator |
|
| 906 |
_a7 _bcbc _corignew _d1 _eocip _f19 _gy-gencatlg |
||
| 942 |
_2ddc _cBK _n0 |
||
| 999 |
_c6649 _d6649 |
||